| 000 | 00360nam a2200145Ia 4500 | ||
|---|---|---|---|
| 003 | OSt | ||
| 005 | 20240102052505.0 | ||
| 008 | 170523s9999 xx 000 0 und d | ||
| 020 | _a9788126523511 | ||
| 040 | _cIIMTU | ||
| 100 | _aRao- C. Radhakrishna | ||
| 245 | 0 | _aLinear Statistical Inference and Its Applications | |
| 260 | _aWiley India | ||
| 942 |
_2ddc _c02 |
||
| 999 |
_c12313 _d12313 |
||